| 000 | 00652nam a2200229Ia 4500 | ||
|---|---|---|---|
| 003 | OSt | ||
| 005 | 20221006164302.0 | ||
| 006 | a|||||r|||| 00| 0 | ||
| 007 | ta | ||
| 008 | 221006b |||||||| |||| 00| 0 eng d | ||
| 024 | _a2,807 | ||
| 037 | _cTextual | ||
| 040 |
_aFML _cFML _beng |
||
| 041 |
_2eng _aeng |
||
| 082 | _aNR52v ' J30<---H43, K1.1 -.2 | ||
| 100 |
_aSchevill Ferdinand Au. _9677048 |
||
| 245 | 0 | _aMedieval and Renaissance Florence | |
| 260 |
_aNew York _bHarper _c1961 |
||
| 300 |
_a536 _ccm. |
||
| 942 |
_hNR52v ' J30<---H43, K1.1 -.2 _cTEXL _2CC |
||
| 999 |
_c1116741 _d1116741 |
||